| 000 | 00000nam##2200000za#4500 |
| 001 | 9.680693 |
| 003 | CaOODSP |
| 005 | 20200330064619 |
| 007 | ta |
| 008 | 150407|1999||||xxc||||| f|0| 0 fre|d |
| 020 | |a0-662-83541-7 |
| 040 | |aCaOODSP|bfre |
| 043 | |an-cn--- |
| 086 | 1 |aH39-468/1999F |
| 110 | 1 |aCanada.|bSanté Canada. |bDirection générale de la promotion et des programmes de la santé. |
| 245 | 10|aPour un avenir en santé : |bdeuxième rapport sur la santé de la population canadienne / |cPréparé par le Comité consultatif fédéral-provincial-teritorial sur la santé de la population. |
| 260 | |aOttawa - Ontario : |bSanté Canada. |c1999. |
| 300 | |a230p. : |bgraphiques, références, tableaux ; |c28 cm. |
| 500 | |a«Le présent rapport constitue un condensé de l'information la plus à jour dont nous disposions sur la santé des Canadiens. A ce titre, il s'agit d'un outil utile pour sensibiliser les décideurs, les praticiens et le public aux défis actuels et futurs en matière de santé, et pour aider à déterminer les mesures à prendre en vue d'améliorer la santé des Canadiennes et des Canadiens.»--Sommaire. |
| 520 | 3 |aLe présent rapport constitue un condensé de l'information la plus à jour dont nous disposions sur la santé des Canadiens. A ce titre, il s'agit d'un outil utile pour sensibiliser les décideurs, les praticiens et le public aux défis actuels et futurs en matière de santé, et pour aider à déterminer les mesures à prendre en vue d'améliorer la santé des Canadiennes et des Canadiens.--Sommaire |
| 563 | |aCouverture souple |
| 590 | |a99-38|b1999-09-24 |
| 691 | 07|aPolitique en matière de santé|2gcpds |
| 691 | 07|aIndicateurs de l'état de santé|2gcpds |
| 775 | 08|tToward a healthy future : |w(CaOODSP)9.647264 |
| 776 | 0#|tPour un avenir en santé : |w(CaOODSP)9.640413 |